000 00408nam a22001577a 4500
003 NUST - PNEC
005 20170116181206.0
008 160920b xxu||||| |||| 00| 0 eng d
020 _a-
040 _cLIBRARY
082 _a080 HAL
100 _916834
_aHali, Sultan Mohammad
245 _a Nairang e Zamana ( Muntakhib mazameen ka majmoa)
_cSultan Mohammad Hali
650 _xGeneral
942 _2ddc
_cBK
999 _c71639
_d71639